| 000 | 00528nam a2200205Ia 4500 | ||
|---|---|---|---|
| 005 | 20260429112106.0 | ||
| 008 | 260429s9999||||xx |||||||||||||| ||und|| | ||
| 020 | _a9783031549076 | ||
| 041 | _aEnglish | ||
| 082 |
_a512.5 _bZIZ |
||
| 100 | _aZizler, Peter | ||
| 245 | 0 |
_aLinear algebra in data science / _cPeter Zizler |
|
| 250 | _a1st ed. | ||
| 260 |
_aSwitzerland : _bBirkhauser, _c2024. |
||
| 300 | _aviii, 199 p.; pbk | ||
| 650 | _a Data science | ||
| 650 | _aAlgebra | ||
| 700 | _a Haye, Roberta La | ||
| 942 | _cTB | ||
| 999 |
_c52313 _d52313 |
||